Stations du métro parisien : 4 eme arrondissement - Statistiques

Statistiques générales
  • Ce quiz a été pris 14 fois
  • Le résultat moyen est 7 sur 8
Statistiques - réponses
Ligne Station % Correct
1 ; 11 Hôtel de Ville
100%
1 ; 5 ; 8 Bastille
93%
1 Saint Paul
93%
1 ; 4 ; 7 ; 11 ; 14 Châtelet
86%
4 Cité
86%
7 Pont Marie
86%
7 Sully-Morland
86%
11 Rambuteau
79%
Aucun quiz correspondant
Distribution des résultats
% des personnes avec chaque résultat
Percentile par nombre de réponses
Votre historique - résultats
Vous n’avez pas pris ce quiz